From sovereign impunity to international accountability : the search for justice in a world of states /

Bibliographic Details
Other Authors: Thakur, Ramesh Chandra, 1948-, Malcontent, P. A. M. (Petrus Adrianus Maria), 1965-
Format: Book
Language:English
Published: Tokyo ; New York : United Nations University Press, [2004]
Subjects:

MARC

Tag First Indicator Second Indicator Subfields
LEADER 00000pam a2200000 a 4500
001 in00001999194
005 20151031113515.0
008 040330s2004 ja b 001 0 eng
010 |a  2004007427 
020 |a 9280811002 
035 |a (OCoLC)ocm54897921 
040 |a DLC  |c DLC  |d TXA  |d UtOrBLW 
042 |a pcc 
049 |a TXAM 
050 0 0 |a K5301  |b .F76 2004 
082 0 0 |a 345/.0235  |2 22 
245 0 0 |a From sovereign impunity to international accountability :  |b the search for justice in a world of states /  |c edited by Ramesh Thakur and Peter Malcontent. 
264 1 |a Tokyo ;  |a New York :  |b United Nations University Press,  |c [2004] 
264 4 |c ©2004 
300 |a xviii, 305 pages ;  |c 24 cm. 
336 |a text  |b txt  |2 rdacontent 
337 |a unmediated  |b n  |2 rdamedia 
338 |a volume  |b nc  |2 rdacarrier 
504 |a Includes bibliographical references and index. 
505 1 |a From impunity to accountability : forces of transformation and the changing international human rights context / Paul G. Lauren -- From the Nuremberg Charter to the Rome Statute : a historical analysis of the limits of international criminal accountability / Michael D. Biddiss -- International criminal justice and the United States : law, culture, power / David P. Forsythe -- Violations of human rights and humanitarian law and threats to international peace and security / George J. Andreopoulos -- The individual within international law / Michail Wladimiroff -- Gender-related crimes : a feminist perspective / Christine Chinkin -- International criminal courts and the admissibility of evidence / Bert Swart -- Balancing the rights of the accused with the imperatives of accountability / William A. Schabas -- We the people : The position of NGOs in gathering evidence and giving witness at international criminal trials / Helen Durham -- Democracy, global governance, and the International Criminal Court / Madeline H. Morris -- Reconciling fractured societies : an African perspective on the role of judicial prosecutions / Kingsley Chiedu Moghalu -- Demystifying Osama Bin Laden : fair trials for international terrorists / Geoffrey Robertson -- The complexity of international criminal law : looking beyond individual responsibility to the responsibility of organizations, corporations, and states / Andrew Clapham -- The international Criminal Court and the prohibition of the use of children in armed conflict / Julia Maxted -- The international Criminal Court : obstacle or contribution to an effective system of human rights protection? / Cees Flinterman -- Dealing with guilt beyond crime : the strained quality of universal justice / Ramesh Thakur. 
650 0 |a Crimes against humanity. 
650 0 |a Criminal liability (International law) 
650 0 |a Sovereignty, Violation of. 
650 0 |a International criminal courts. 
700 1 |a Thakur, Ramesh Chandra,  |d 1948- 
700 1 |a Malcontent, P. A. M.  |q (Petrus Adrianus Maria),  |d 1965- 
948 |a cataloged  |b h  |c 2004/9/22  |d c  |e dmitchel  |f 9:20:10 am 
994 |a E0  |b TXA 
999 |a MARS 
999 f f |s 3e21c27f-4226-3cb6-a088-d2db507aa8c5  |i 6e8fa33a-5629-3478-aa2f-75a75af1340c  |t 0 
952 f f |p ric  |a Texas A&M University  |b Rellis Campus  |c Joint Library Facility  |d Remote Storage  |t 0  |e K5301 .F76 2004  |h Library of Congress classification  |i unmediated -- volume  |m A14831338506 
998 f f |a K5301 .F76 2004  |t 0  |l Remote Storage